LEADER 02209nam 2200433 450 001 9910320660003321 005 20231214152524.0 010 $a1-5044-5562-2 024 70$a10.1109/IEEESTD.2019.8697192 035 $a(CKB)4100000008042781 035 $a(NjHacI)994100000008042781 035 $a(EXLCZ)994100000008042781 100 $a20231214d2019 uy 0 101 0 $aeng 135 $aur||||||||||| 181 $ctxt$2rdacontent 182 $cc$2rdamedia 183 $acr$2rdacarrier 200 10$aIEEE Std 1159.3-2019 (Revision of IEEE Std 1159.3-2003) $eIEEE Recommended Practice for Power Quality Data Interchange Format (PQDIF) /$fIEEE 210 1$aNew York :$cIEEE,$d2019. 215 $a1 online resource (185 pages) 225 1 $aIEEE Std ;$v1159.3-2019 330 $aA file format suitable for exchanging power quality related measurement and simulation data in a vendor independent manner is defined in this recommended practice. The format is designed to represent all power quality phenomena identified in IEEE Std 1159-2009, IEEE Recommended Practice on Monitoring Electric Power Quality, other power related measurement data, and is extensible to other data types as well. The recommended file format utilizes a highly compressed storage scheme to help reduce disk space and transmission times. The utilization of Globally Unique Identifiers (GUID) to represent each element in the file permits the format to be extensible without the need for a central registration authority. 410 0$aIEEE Std ;$v1159.3-2019. 517 $a1159.3-2019 - IEEE Recommended Practice for Power Quality Data Interchange Format 517 $aIEEE Std 1159.3-2019 606 $aFile processing (Computer science) 606 $aInformation storage and retrieval systems 606 $aElectric power distribution 615 0$aFile processing (Computer science) 615 0$aInformation storage and retrieval systems. 615 0$aElectric power distribution. 676 $a005.741 801 0$bNjHacI 801 1$bNjHacl 906 $aDOCUMENT 912 $a9910320660003321 996 $aIEEE Std 1159.3-2019 (Revision of IEEE Std 1159.3-2003)$93650233 997 $aUNINA LEADER 03388 am 2200769 n 450 001 9910495807903321 005 20240104030510.0 010 $a9782753557062$bebook 010 $a2-7535-5706-3$bebook 024 7 $a10.4000/books.our.54372 035 $a(CKB)4100000006374837 035 $a(FrMaCLE)OB-pur-54372 035 $a(PPN)267956924 035 $a(EXLCZ)994100000006374837 100 $a20180905j|||||||| ||| 0 101 0 $afre 135 $auu||||||m|||| 181 $2rdacontent 182 $2rdamedia 183 $2rdacarrier 200 02$aL'atelier de Louis Guilloux$fMadeleine Frédéric, Michèle Touret 210 $aRennes$cPresses universitaires de Rennes$d2018 210 1$aRennes :$cPresses universitaires de Rennes,$d[2012] 215 $a1 online resource (373 pages, ix pages of plates) $ccolour illustrations 225 1 $aInterférences,$x0154-5604 300 $a"Proceedings of a colloquium held at Centre culturel international de Cerisy-la-Salle, Sept. 29-Oct. 3, 2010." 311 0 $a2-7535-1751-7 9782753517516 320 $aIncludes bibliographical references (pages 361-364) 330 $aLouis Guilloux est certes un romancier connu et apprécié. Mais il reste encore à connaître. De La Maison du peuple à Coco perdu, pendant cinquante années, il n'a cessé de renouveler ses conceptions du roman. Pendant cinquante ans, il a été mêlé aux principaux débats de la vie littéraire et intellectuelle de son temps, mais le plus souvent en toute discrétion. Pourtant, l'ouverture récente de ses archives personnelles, déposées à la bibliothèque municipale de Saint-Brieuc invite à relire son ?uvre et à l'éclairer. C'est dans son atelier que, réunis en colloque à Cerisy-la-Salle, les auteurs de cet ouvrage sont allés à la recherche de documents souvent inédits pour porter sur ses ?uvres un jour nouveau. 410 0$aInterférences (Unnumbered) 606 $aLiterary Theory & Criticism 606 $aLiterature, Romance 606 $aroman 606 $ajournalisme 615 4$aLiterary Theory & Criticism 615 4$aLiterature, Romance 615 4$aroman 615 4$ajournalisme 676 $a840 700 $aBaudorre$b Philippe$0481675 701 $aBustarret$b Claire$01456116 701 $aCavalli$b Christian$01456117 701 $aDartevelle$b Bérénice$01456118 701 $aDufief$b Pierre-Jean$0176849 701 $aDugast-Portes$b Francine$01294411 701 $aFlici$b Arnaud$01349631 701 $aFrédéric$b Madeleine$0390822 701 $aGolvet$b Sylvie$0927649 701 $aLegavre$b Jean-Baptiste$01285836 701 $aLeménager$b Grégoire$01349632 701 $aMartin$b Yann$01456119 701 $aMilquet$b Sophie$01300730 701 $aParent$b Sabrina$01289866 701 $aPiroux$b Cyril$01287499 701 $aPoulouin$b Gérard$0391211 701 $aPoussard$b Valérie$01284206 701 $aSchaffner$b Alain$0165903 701 $aTouret$b Michèle$01233684 701 $aVasic$b Alexandra$01349634 701 $aZareh-Motekasses$b Mojgane$01456120 701 $aFrédéric$b Madeleine$0390822 701 $aTouret$b Michèle$01233684 801 0$bFR-FrMaCLE 906 $aBOOK 912 $a9910495807903321 996 $aL'atelier de Louis Guilloux$93657548 997 $aUNINA